MARC details
| 000 -CABECERA |
| campo de control de longitud fija |
00936nam a2200229 a 4500 |
| 003 - IDENTIFICADOR DEL NÚMERO DE CONTROL |
| campo de control |
MX-MxUPN |
| 005 - FECHA Y HORA DE LA ÚLTIMA TRANSACCIÓN |
| campo de control |
20220926090134.0 |
| 008 - ELEMENTOS DE LONGITUD FIJA--INFORMACIÓN GENERAL |
| campo de control de longitud fija |
020906s1932 mx r 000 p spa d |
| 035 ## - NÚMERO DE CONTROL DEL SISTEMA |
| Número de control de sistema |
UPN01000118936 |
| 040 ## - FUENTE DE LA CATALOGACIÓN |
| Centro catalogador/agencia de origen |
MX-MxUPN |
| Lengua de catalogación |
spa |
| Centro/agencia transcriptor |
MX-MxUPN |
| 041 0# - CÓDIGO DE IDIOMA |
| Código de lengua del texto/banda sonora o título independiente |
spa |
| 050 14 - SIGNATURA TOPOGRÁFICA DE LA BIBLIOTECA DEL CONGRESO |
| Número de clasificación |
PA6191 S7 |
| Número de documento/Ítem |
E8 |
| 245 00 - MENCIÓN DE TÍTULO |
| Título |
Flores del huerto clásico y joyas literarias desconocidas / |
| Mención de responsabilidad, etc. |
traducciones y comentarios críticos por Federico Escobedo ; carta-prólogo de Antonio Gómez Restrepo. |
| 260 ## - PUBLICACIÓN, DISTRIBUCIÓN, ETC. |
| Lugar de publicación, distribución, etc. |
México : |
| Nombre del editor, distribuidor, etc. |
Lumen, |
| Fecha de publicación, distribución, etc. |
1932. |
| 300 ## - DESCRIPCIÓN FÍSICA |
| Extensión |
131 páginas |
| 650 #7 - ASIENTO SECUNDARIO DE MATERIA - TERMINO TEMATICO |
| Término de materia o nombre geográfico como elemento de entrada |
Poesía latina |
| Subdivisión general |
Traducciones al español |
| Fuente del encabezamiento o término |
|
| 9 (RLIN) |
1268 |
| 650 #7 - ASIENTO SECUNDARIO DE MATERIA - TERMINO TEMATICO |
| Término de materia o nombre geográfico como elemento de entrada |
Poesía latina medieval y moderna |
| Subdivisión general |
Traducciones al español |
| Fuente del encabezamiento o término |
|
| 9 (RLIN) |
10546 |
| 650 #7 - ASIENTO SECUNDARIO DE MATERIA - TERMINO TEMATICO |
| Término de materia o nombre geográfico como elemento de entrada |
Poesía mexicana |
| Subdivisión general |
Traducciones del latín |
| Fuente del encabezamiento o término |
|
| 9 (RLIN) |
1288 |
| 700 1# - ASIENTO SECUNDARIO--NOMBRE DE PERSONAL |
| Nombre de persona |
Escobedo, Federico, |
| Fechas asociadas al nombre |
1874-1949 |
| 9 (RLIN) |
46027 |
| Término indicativo de función/relación |
traductor |
| -- |
escritor de comentario |
| 700 1# - ASIENTO SECUNDARIO--NOMBRE DE PERSONAL |
| Nombre de persona |
Gómez Restrepo, Antonio, |
| Fechas asociadas al nombre |
1869-1947 |
| 9 (RLIN) |
46028 |
| Término indicativo de función/relación |
prologuista |
| 942 ## - ELEMENTOS DE PUNTO DE ACCESO ADICIONAL (KOHA) |
| Fuente del sistema de clasificación o colocación |
Library of Congress Classification |
| Tipo de ítem Koha |
Libro |